000 00570nam a22001817a 4500
003 BUBTL
008 200128b xxu||||| |||| 00| 0 eng d
020 _a9789843320056
082 _a954.92 / M4498p
100 _92966
_aMawla, G.
245 _aPoet of Politics :
_bAn Inseparable History of Bangladesh, Volume-1 /
_cG.Mawla
260 _aDhaka :
_bGreen Publishers,
_cc2013.
300 _a308 p. :
_bill. ;
_c22 cm.
650 0 _91755
_aমুক্তিযুদ্ধ
856 _k0
_l0
_yDownload
942 _2ddc
_cBK
999 _c6262
_d6262